000 00487cam a2200145 4500500
005 20251228090809.0
041 _afre
042 _adc
100 1 0 _aAvril, Yves
_eauthor
245 0 0 _aPrésence de Péguy en Finlande
260 _c2017.
500 _a11
786 0 _nBulletin de l’Amitié Charles Péguy | 158 | 2 | 2017-04-17 | p. 123-134 | 0180-8567
856 4 1 _uhttps://shs.cairn.info/revue-bulletin-de-lamitie-charles-peguy-2017-2-page-123?lang=fr&redirect-ssocas=7080
999 _c1602718
_d1602718